Intratester and intertester reliability of the STP Electronic Inclinometer /

Bibliographic Details
Main Author: Greany, John F.
Format: Thesis Microform Book
Language:English
Published: [Place of publication not identified] : [publisher not identified] ; 1994.
Subjects:

MARC

Tag First Indicator Second Indicator Subfields
LEADER 00000cam a2200000 a 4500
001 in00001289286
005 20151004093505.0
007 he bmb024baca
008 960110s1994 xx bb 000 0 eng d
035 |a (OCoLC)34011244 
035 |9 AGZ8346AM 
037 |a PH 1428  |b Microform Publications  |c $4.00 
040 |a ORU  |c TXI  |d HPE  |d TXA  |d UtOrBLW 
049 |a TXAI 
090 |a QM111  |b .G73 1994a 
092 |a 611.711 
099 |a fiche C  |a 18285 
100 1 |a Greany, John F. 
245 1 0 |a Intratester and intertester reliability of the STP Electronic Inclinometer /  |c by John F. Greany. 
264 1 |a [Place of publication not identified] :  |b [publisher not identified] ;  |c 1994. 
300 |a vii, 38 leaves. 
336 |a text  |b txt  |2 rdacontent 
337 |a microform  |b h  |2 rdamedia 
338 |a microfiche  |b he  |2 rdacarrier 
502 |b M.S.  |c La Crosse  |d 1994. 
504 |a Includes bibliographical references. 
533 |a Microfiche.  |b Eugene :  |c Microform Publications, University of Oregon,  |d 1995.  |e 1 microfiche : negative.  |n "UO 95 386." 
539 |a s  |b 1995  |d oru  |e n  |g b 
500 |a Microform. 
650 0 |a Lumbar curve. 
650 0 |a Spine  |x Movements  |x Measurement. 
650 0 |a Inclinometer. 
999 |a MARS 
999 f f |s 4ad2fcae-8768-3c4e-ae3a-bed2282bb9be  |i 5d96a396-6dc7-3818-80db-589283d18a49  |t 0 
952 f f |p default  |a Texas A&M University  |b College Station  |c Sterling C. Evans Library  |d Evans: Microforms (3rd floor)  |t 0  |e fiche C 18285  |h Other scheme  |i microform -- microfiche 
998 f f |a fiche C 18285  |t 0  |l Evans: Microforms (3rd floor)